| 000 | 00797nam a22001937a 4500 | ||
|---|---|---|---|
| 999 |
_c1303 _d1303 |
||
| 003 | AR-CdUCM | ||
| 008 | 190226b ||||| |||| 00| 0 spa d | ||
| 040 |
_aMUNICIPALIDAD PROVINCIAL DEL CUSCO _cBIBLIOTECA MUNICIPAL DEL CUSCO |
||
| 082 |
_a337.23 / _bH56 |
||
| 100 |
_aHingue, Francois _95022 |
||
| 245 |
_aLa enseñanza programada : _bhacia una pedagogía cibernética / |
||
| 260 |
_aArgentina : _bKAPELUSZ , _c1969. |
||
| 300 |
_a172 páginas ; _bgráficos. _c22 cm. |
||
| 505 | _aPresentación general -- Fundamentos psicológicos y pedagógicos -- Resultados, valor y campos de aplicación -- Las ventajas de enseñanza programada... | ||
| 650 |
_aEnseñanza programada. _91894 |
||
| 650 |
_aFundamentos Psicológicos y pedagógicos. _95023 |
||
| 942 |
_2ddc _cLIBROS |
||
| 945 |
_awfj _d2019-02-26 |
||